[Event "26th WSCC 2016 Open 50+"]
[Site "Marianske Lazne, Czech Republic - Hotel Cristal and Continental"]
[Date "2016.11.28"]
[Round "9.34"]
[White "Folk, Petr"]
[Black "Horak, Vladimir"]
[Result "1-0"]
[WhiteElo "2182"]
[BlackElo "1961"]
[PlyCount "133"]
[EventDate "2016.11.19"]

1. e4 e6 2. d4 d5 3. Nd2 dxe4 4. Nxe4 Bd7 5. Nf3 Bc6 6. Bd3 Nd7 7. O-O Ngf6 8.
Neg5 Bxf3 9. Qxf3 c6 10. Re1 Be7 11. Qh3 Nf8 12. c3 Nd5 13. Qh5 Bxg5 14. Bxg5
Nf6 15. Qh4 N8d7 16. b4 h6 17. Qh3 Qe7 18. b5 O-O-O 19. Bxf6 Nxf6 20. bxc6 bxc6
21. Rab1 Qd6 22. Ba6+ Kd7 23. Rb7+ Ke8 24. Rxa7 Qb8 25. Rb7 Qd6 26. Bc4 Nd5 27.
Qf3 Rf8 28. g3 Rd7 29. Reb1 Ke7 30. Rxd7+ Kxd7 31. Rb7+ Nc7 32. Bb3 f5 33. Qh5
Rf6 34. Rb8 Qe7 35. Qe2 Qd6 36. f4 Nb5 37. Qe5 Qxe5 38. dxe5 Rg6 39. c4 Nd4 40.
Rb7+ Kc8 41. Re7 h5 42. Kf2 h4 43. c5 hxg3+ 44. hxg3 Nxb3 45. axb3 Kd8 46. Ra7
Kc8 47. b4 Kb8 48. Re7 Kc8 49. Kf3 Kd8 50. Rf7 Rg4 51. Rf8+ Kd7 52. Rh8 Rg6 53.
Rh4 Kd8 54. g4 fxg4+ 55. Rxg4 Rh6 56. Rxg7 Rh3+ 57. Rg3 Rh1 58. Kg4 Rb1 59.
Rd3+ Ke7 60. Rd6 Rxb4 61. Rxc6 Rc4 62. Kg5 Rc1 63. Rc7+ Kd8 64. Ra7 Rxc5 65.
Kf6 Rc6 66. f5 exf5+ 67. e6 1-0

[Event "26th WSCC 2016 Open 50+"]
[Site "Marianske Lazne, Czech Republic - Hotel Cristal and Continental"]
[Date "2016.11.28"]
[Round "9.35"]
[White "Spiess, Thomas"]
[Black "Sykora, Ondrej"]
[Result "0-1"]
[WhiteElo "1999"]
[BlackElo "2179"]
[PlyCount "130"]
[EventDate "2016.11.19"]

1. Nf3 g6 2. e4 Bg7 3. d4 d6 4. c4 c5 5. Be3 Nc6 6. Nc3 cxd4 7. Nxd4 Nf6 8. Be2
O-O 9. O-O Qc7 10. Qd2 Ng4 11. Bxg4 Bxg4 12. Nd5 Qd8 13. Rac1 Bd7 14. Rfd1 Nxd4
15. Bxd4 Bc6 16. Bxg7 Kxg7 17. c5 e5 18. Qc3 dxc5 19. Qxe5+ f6 20. Qc3 b6 21.
b4 Bxd5 22. Rxd5 cxb4 23. Qxb4 Qe8 24. Qd4 Rc8 25. Rd7+ Kh8 26. Rxc8 Qxc8 27.
g3 Qc5 28. Qd2 Rc8 29. Kg2 Rc7 30. Rd8+ Kg7 31. h4 Qe5 32. Qd3 Re7 33. a3 Kf7
34. Qc4+ Qe6 35. Rd4 Qxc4 36. Rxc4 Ke6 37. Kf3 Kd6 38. Ke3 f5 39. f3 b5 40.
Rd4+ Kc5 41. Kd3 fxe4+ 42. fxe4 Kc6 43. Ke3 a5 44. Rd8 b4 45. axb4 axb4 46. Rb8
Rb7 47. Rc8+ Rc7 48. Rb8 Kc5 49. Kd3 Rd7+ 50. Kc2 Rf7 51. e5 Rf3 52. e6 b3+ 53.
Rxb3 Rxb3 54. Kxb3 Kd6 55. Kc4 Kxe6 56. Kd4 Kf5 57. Ke3 Kg4 58. Kf2 Kh3 59. Kf3
Kh2 60. Kf2 h6 61. Kf3 Kg1 62. Kf4 Kg2 63. g4 Kh3 64. h5 g5+ 65. Kf3 Kh4 0-1

[Event "26th WSCC 2016 Open 50+"]
[Site "Marianske Lazne, Czech Republic - Hotel Cristal and Continental"]
[Date "2016.11.28"]
[Round "9.36"]
[White "Borovicka, Bohumil"]
[Black "Dovzhenko, Viktor"]
[Result "1/2-1/2"]
[WhiteElo "1991"]
[BlackElo "2171"]
[PlyCount "85"]
[EventDate "2016.11.19"]

1. d4 g6 2. Nf3 Bg7 3. Nbd2 d6 4. e4 a6 5. c3 e5 6. dxe5 dxe5 7. Be2 Nc6 8. O-O
Nf6 9. a4 O-O 10. Qc2 Nh5 11. g3 Kh8 12. Nh4 Nf4 13. gxf4 Qxh4 14. Nf3 Qe7 15.
Nxe5 Nxe5 16. fxe5 Bh3 17. Rd1 Bxe5 18. Qd3 Be6 19. f4 Rad8 20. Qf3 Rxd1+ 21.
Bxd1 Bd6 22. Be3 Bd7 23. Bd4+ f6 24. Bc2 c5 25. Bf2 Bc6 26. Bh4 g5 27. Bg3 f5
28. Re1 gxf4 29. Bxf4 Bxf4 30. Qxf4 fxe4 31. Qe3 Qh4 32. Re2 Rf5 33. Rf2 Rg5+
34. Rg2 Rxg2+ 35. Kxg2 Qg4+ 36. Kf2 Qf5+ 37. Ke1 Kg7 38. Qg3+ Kf6 39. Qd6+ Kg5
40. Qe7+ Kh6 41. Qd6+ Kg5 42. Bd1 h5 43. Qg3+ 1/2-1/2

[Event "26th WSCC 2016 Open 50+"]
[Site "Marianske Lazne, Czech Republic - Hotel Cristal and Continental"]
[Date "2016.11.28"]
[Round "9.37"]
[White "Agusto, Obafunmilayo"]
[Black "Hrabal, Ivan"]
[Result "1-0"]
[WhiteElo "2144"]
[BlackElo "1932"]
[PlyCount "129"]
[EventDate "2016.11.19"]

1. d4 e6 2. Nf3 f5 3. g3 Nf6 4. Bg2 d5 5. O-O Bd6 6. c4 c6 7. Nc3 O-O 8. Qc2
Ne4 9. a4 Nd7 10. a5 a6 11. Bd2 Nxd2 12. Nxd2 Nf6 13. e3 Qe8 14. Na4 Qh5 15.
Nb6 Rb8 16. Qb3 Kh8 17. Nf3 Nd7 18. c5 Bc7 19. Qd1 e5 20. Nxd7 Bxd7 21. Nxe5
Qe8 22. f4 Rd8 23. b4 Be6 24. Kf2 Rf6 25. Ke1 Bc8 26. Kd2 Rh6 27. Rh1 g5 28.
Qf3 g4 29. Qf2 Bxe5 30. fxe5 Qg6 31. Qf4 Rg8 32. Kc3 Qg5 33. Qxg5 Rxg5 34. Ra2
Kg8 35. Rf2 Kf8 36. Bf1 Ke7 37. Kd2 Be6 38. Ke1 Rhg6 39. Bd3 Rg7 40. Rhf1 Rf7
41. Rh1 Rfg7 42. Rg2 Rh5 43. Kf2 Rh3 44. Rgg1 Rg5 45. Bf1 Rh6 46. h3 Rgh5 47.
h4 Rg6 48. Bd3 Rg7 49. Rf1 Rf7 50. Kg2 Ke8 51. Rf4 Ke7 52. Rhf1 Ke8 53. Be2 Ke7
54. Rc1 Bd7 55. Bd1 Rh6 56. Rc2 Ke6 57. Rcf2 Be8 58. e4 dxe4 59. Bb3+ Ke7 60.
Bxf7 Bxf7 61. Rxf5 Bd5 62. R2f4 Rg6 63. Kf2 Rg8 64. Rg5 Rd8 65. Rg7+ 1-0

[Event "26th WSCC 2016 Open 50+"]
[Site "Marianske Lazne, Czech Republic - Hotel Cristal and Continental"]
[Date "2016.11.28"]
[Round "9.38"]
[White "Miculka, Petr"]
[Black "Christiansen, Arne"]
[Result "1/2-1/2"]
[WhiteElo "1995"]
[BlackElo "2133"]
[PlyCount "21"]
[EventDate "2016.11.19"]

1. e4 d6 2. d4 Nf6 3. Nc3 g6 4. f4 Bg7 5. Nf3 O-O 6. Bd3 Nc6 7. e5 dxe5 8. dxe5
Nd5 9. Bd2 Ncb4 10. Be4 c6 11. O-O 1/2-1/2

[Event "26th WSCC 2016 Open 50+"]
[Site "Marianske Lazne, Czech Republic - Hotel Cristal and Continental"]
[Date "2016.11.28"]
[Round "9.39"]
[White "Kucera, Jiri"]
[Black "Guner, Bulent"]
[Result "1-0"]
[WhiteElo "1958"]
[BlackElo "2130"]
[PlyCount "61"]
[EventDate "2016.11.19"]

1. e4 e5 2. Nf3 Nc6 3. Bb5 g6 4. O-O Bg7 5. c3 Nge7 6. d4 exd4 7. cxd4 d5 8.
exd5 Nxd5 9. Re1+ Be6 10. Bg5 Qd6 11. Nc3 O-O 12. Qd2 Bg4 13. Ne4 Qb4 14. Bxc6
Qxd2 15. Bxd2 bxc6 16. Ne5 Rfe8 17. Nxg4 f5 18. Ne5 fxe4 19. Rxe4 Rab8 20. b3
c5 21. Rae1 Nf6 22. R4e2 Rbd8 23. Nc6 Rxe2 24. Rxe2 Rd6 25. Ne7+ Kf7 26. dxc5
Rxd2 27. Rxd2 Kxe7 28. c6 Ne8 29. Rd7+ Ke6 30. f3 Bd4+ 31. Rxd4 1-0

[Event "26th WSCC 2016 Open 50+"]
[Site "Marianske Lazne, Czech Republic - Hotel Cristal and Continental"]
[Date "2016.11.28"]
[Round "9.40"]
[White "Babar, Michael"]
[Black "Frost, Peter"]
[Result "1-0"]
[WhiteElo "2129"]
[BlackElo "1916"]
[PlyCount "115"]
[EventDate "2016.11.19"]

1. Nf3 Nf6 2. b3 b6 3. Bb2 e6 4. g3 Bb7 5. Bg2 Be7 6. O-O O-O 7. d3 c5 8. e4 d6
9. Qe2 Nbd7 10. Nbd2 Qc7 11. Rfe1 Rfe8 12. Nf1 e5 13. Ne3 Bf8 14. Rf1 d5 15.
exd5 Nxd5 16. Nc4 b5 17. Ncd2 Rad8 18. a3 a6 19. Rfe1 f6 20. Rad1 Nb8 21. Ne4
Nc6 22. c3 Nb6 23. Qc2 Qf7 24. Ned2 Rc8 25. c4 Red8 26. Nb1 Nd4 27. Bxd4 cxd4
28. Qb2 Rc7 29. Nbd2 Qe7 30. Ra1 b4 31. a4 a5 32. Rac1 Qf7 33. Nh4 Bxg2 34.
Kxg2 Nd7 35. Qc2 Nc5 36. Ne4 Nxe4 37. Rxe4 Rc5 38. g4 g6 39. Rce1 Bh6 40. Kh1
Kf8 41. Qe2 Bf4 42. Qf3 Qc7 43. Qh3 Qb7 44. Kg1 Qg7 45. Ng2 g5 46. Kf1 Kf7 47.
Ke2 Rh8 48. Rg1 h5 49. gxh5 g4 50. Nxf4 exf4 51. Rxg4 Qh6 52. Rgxf4 Qxh5+ 53.
Qxh5+ Rcxh5 54. h4 f5 55. Rxd4 Ke6 56. Rd5 Rxh4 57. Rxh4 Rxh4 58. Rxa5 1-0

[Event "26th WSCC 2016 Open 50+"]
[Site "Marianske Lazne, Czech Republic - Hotel Cristal and Continental"]
[Date "2016.11.28"]
[Round "9.41"]
[White "Malinovsky, Petr"]
[Black "Gayson, Peter M"]
[Result "0-1"]
[WhiteElo "1957"]
[BlackElo "2127"]
[PlyCount "74"]
[EventDate "2016.11.19"]

1. d4 f5 2. Nc3 d5 3. Bf4 Nf6 4. e3 e6 5. Nb5 Bd6 6. Nxd6+ cxd6 7. Nf3 O-O 8.
c4 Nc6 9. Be2 Qe7 10. O-O e5 11. dxe5 dxe5 12. Bg5 dxc4 13. Bxc4+ Be6 14. Qe2
Rac8 15. Rfd1 Rfd8 16. Bh4 h6 17. Bg3 Kh7 18. Bxe6 Qxe6 19. Rxd8 Rxd8 20. Qb5
Qd5 21. Qe2 $11 e4 22. Ne1 Qa5 23. Qc4 Rd2 24. Nc2 Qd5 25. Qxd5 Nxd5 26. Rc1 g5
27. Kf1 f4 28. Ke1 Rd3 29. exf4 gxf4 30. Bh4 Kg6 31. Ke2 Kh5 32. Ne1 Nd4+ 33.
Kf1 Rd2 34. Bd8 b6 35. a3 e3 36. f3 Rf2+ 37. Kg1 Ne2+ 0-1

[Event "26th WSCC 2016 Open 50+"]
[Site "Marianske Lazne, Czech Republic - Hotel Cristal and Continental"]
[Date "2016.11.28"]
[Round "9.42"]
[White "Daneri, Martin"]
[Black "Arias Castanedo, Jacinto"]
[Result "0-1"]
[WhiteElo "2113"]
[BlackElo "1857"]
[PlyCount "132"]
[EventDate "2016.11.19"]

1. e4 c6 2. Ne2 d5 3. e5 Bf5 4. Ng3 Be6 5. f4 g6 6. d4 h5 7. Bd3 h4 8. f5 gxf5
9. Nxf5 Bxf5 10. Bxf5 e6 11. Bh3 c5 12. c3 Nc6 13. Be3 Qc7 14. O-O Bh6 15. Qd2
O-O-O 16. Na3 a6 17. Nc2 Rf8 18. Rf3 Bxe3+ 19. Qxe3 Nge7 20. Raf1 Ng6 21. Qg5
Nd8 22. Ne3 cxd4 23. cxd4 Qb6 24. Rd1 Qxb2 25. Nxd5 Kb8 26. Nf6 Ka8 27. Rb3
Qxa2 28. Rdb1 Qc2 29. Qe3 Ne7 30. Rc1 Qa2 31. Nd7 Re8 32. Nb6+ Kb8 33. Ra3 Qb2
34. Nc4 Qb5 35. Nd6 Qb4 36. Rb3 Nd5 37. Rc8+ Ka7 38. Rxb4 Nxe3 39. Nxe8 Rxe8
40. g3 Nd5 41. Rb3 Ne7 42. Rc2 hxg3 43. hxg3 Ndc6 44. Bg2 Rd8 45. Rd2 Rd7 46.
Kf2 b5 47. Bxc6 Nxc6 48. Ke3 Na5 49. Rc3 Nc4+ 50. Rxc4 bxc4 51. Rc2 Rc7 52. Ke4
Kb6 53. g4 Kb5 54. d5 exd5+ 55. Kxd5 Rd7+ 56. Ke4 Kb4 57. Rb2+ Kc5 58. g5 c3
59. Ra2 Rd4+ 60. Kf5 Rc4 61. Rc2 Kb4 62. Rc1 c2 63. Kf6 Rf4+ 64. Ke7 Kb3 65. e6
fxe6 66. g6 Rg4 0-1

[Event "26th WSCC 2016 Open 50+"]
[Site "Marianske Lazne, Czech Republic - Hotel Cristal and Continental"]
[Date "2016.11.28"]
[Round "9.43"]
[White "Marsalek, Lubos"]
[Black "Hrbolka, Ladislav"]
[Result "0-1"]
[WhiteElo "1927"]
[BlackElo "2094"]
[PlyCount "62"]
[EventDate "2016.11.19"]

1. c4 e6 2. Nc3 c5 3. g3 Nf6 4. Nf3 Nc6 5. Bg2 d5 6. cxd5 exd5 7. d4 Be7 8. O-O
O-O 9. dxc5 Bxc5 10. Bg5 d4 11. Bxf6 gxf6 12. Na4 Be7 13. Rc1 f5 14. Rxc6 bxc6
15. Nxd4 Bd7 16. Bxc6 Rc8 17. Bxd7 Qxd7 18. Nc3 f4 19. e3 fxe3 20. fxe3 Bg5 21.
Qf3 Rc4 22. Nf5 Qe6 23. h4 Bd8 24. Nd5 Kh8 25. b3 Re4 26. Nc3 Re5 27. e4 Ba5
28. Kh2 Rc8 29. Nd5 Rc2+ 30. Kh1 Rxe4 31. Nde3 Rc3 0-1

[Event "26th WSCC 2016 Open 50+"]
[Site "Marianske Lazne, Czech Republic - Hotel Cristal and Continental"]
[Date "2016.11.28"]
[Round "9.44"]
[White "Liberchuk, Ilia"]
[Black "Randak, Pavel"]
[Result "0-1"]
[WhiteElo "2076"]
[BlackElo "1826"]
[PlyCount "94"]
[EventDate "2016.11.19"]

1. c4 e5 2. g3 Nc6 3. Bg2 f5 4. Nc3 Nf6 5. d3 Bb4 6. e3 O-O 7. Nge2 d6 8. O-O
Bxc3 9. Nxc3 Bd7 10. a3 Rb8 11. b4 Ne7 12. d4 e4 13. d5 Ng6 14. Qb3 Ne5 15. f4
exf3 16. Bxf3 Nxf3+ 17. Rxf3 Qe8 18. Bb2 Qh5 19. Raf1 Ng4 20. h4 Ne5 21. R3f2
Qg4 22. Ne2 Qxc4 23. Qxc4 Nxc4 24. Bd4 Nxa3 25. Bxa7 Ra8 26. Bd4 Bb5 27. Rc1 c6
28. Nf4 g6 29. Ne6 Rfc8 30. dxc6 Bxc6 31. h5 Bd5 32. Rxc8+ Rxc8 33. Nf4 Rc1+
34. Rf1 Rxf1+ 35. Kxf1 Bc4+ 36. Ke1 Nc2+ 37. Kd2 Nxd4 38. exd4 g5 39. Ng2 Kf7
40. Ne3 Be6 41. d5 Bd7 42. Kc3 b5 43. Nc2 Kf6 44. Kd4 h6 45. Ne1 Be8 46. Nd3
Bxh5 47. Nf2 Be2 0-1

[Event "26th WSCC 2016 Open 50+"]
[Site "Marianske Lazne, Czech Republic - Hotel Cristal and Continental"]
[Date "2016.11.28"]
[Round "9.45"]
[White "Mazzamuto, Nicola"]
[Black "Yasin, Hur"]
[Result "0-1"]
[WhiteElo "1903"]
[BlackElo "2075"]
[PlyCount "65"]
[EventDate "2016.11.19"]

1. b3 e5 2. Bb2 Nc6 3. e3 g6 4. g3 Bg7 5. Bg2 Nge7 6. Ne2 O-O 7. O-O d6 8. d3
Be6 9. h3 Rc8 10. Kh2 f5 11. c4 g5 12. Qd2 Ng6 13. f4 gxf4 14. exf4 Bh6 15.
Nbc3 Nce7 16. Nd5 Bxd5 17. cxd5 Rf7 18. Rac1 exf4 19. Nxf4 Nxf4 20. gxf4 Ng6
21. Rc4 Qd7 22. a4 Re8 23. Qf2 a6 24. h4 Rfe7 25. Qg3 Re2 26. Bf6 Kf7 27. Bg5
Bxg5 28. fxg5 f4 29. h5 Kf8 30. Qh3 Qxh3+ 31. Kxh3 R8e3+ 32. Bf3 Ne5 33. Rxf4+
0-1

[Event "26th WSCC 2016 Open 50+"]
[Site "Marianske Lazne, Czech Republic - Hotel Cristal and Continental"]
[Date "2016.11.28"]
[Round "9.46"]
[White "Panos, Jan"]
[Black "Mohapl, Petr"]
[Result "0-1"]
[WhiteElo "1845"]
[BlackElo "2066"]
[PlyCount "150"]
[EventDate "2016.11.19"]

1. d4 Nf6 2. Nc3 d5 3. Bf4 c6 4. e3 Qb6 5. Na4 Qa5+ 6. c3 Bf5 7. b4 Qd8 8. Bd3
Bxd3 9. Qxd3 Nbd7 10. Ne2 e6 11. O-O Be7 12. f3 Nh5 13. Be5 Nxe5 14. dxe5 g6
15. g4 Ng7 16. Nd4 h5 17. h3 Bf8 18. Kg2 hxg4 19. fxg4 Qh4 20. Rh1 O-O-O 21.
Nf3 Qe7 22. Qd4 b6 23. Qd3 Kb7 24. Rab1 f5 25. exf6 Qxf6 26. Rhf1 Rd7 27. c4
Ne8 28. c5 b5 29. Nc3 Nc7 30. a4 a6 31. axb5 axb5 32. Ra1 Bg7 33. Ne2 e5 34. e4
Qe7 35. Ra2 Ra8 36. Rxa8 Kxa8 37. Ra1+ Kb7 38. Ng3 dxe4 39. Qxe4 Nd5 40. Ne2
Nf6 41. Qe3 Nd5 42. Qe4 Qf6 43. Re1 Rf7 44. Rf1 Bh6 45. Rf2 Bd2 46. Qxe5 Bxb4
47. Qxf6 Rxf6 48. Ne5 Rxf2+ 49. Kxf2 Bxc5+ 50. Ke1 g5 51. Kd2 Bd6 52. Nf7 Be7
53. Kd3 b4 54. Kc4 Kc7 55. Nd4 Nb6+ 56. Kb3 c5 57. Ne6+ Kc6 58. Nexg5 c4+ 59.
Kb2 Bf6+ 60. Kb1 b3 61. Ne4 Bd4 62. Nd2 Kd5 63. Nd8 Bc3 64. Nf1 Bf6 65. Nb7 Na4
66. Ne3+ Kd4 67. Nd1 c3 68. Nxc3 Kxc3 69. Nd6 Be5 70. Ne4+ Kb4 71. g5 Nc3+ 72.
Nxc3 Kxc3 73. h4 Bf4 74. g6 Bh6 75. h5 b2 0-1

[Event "26th WSCC 2016 Open 50+"]
[Site "Marianske Lazne, Czech Republic - Hotel Cristal and Continental"]
[Date "2016.11.28"]
[Round "9.47"]
[White "Elias, Miroslav"]
[Black "Habada, Jindrich"]
[Result "1-0"]
[WhiteElo "2043"]
[BlackElo "1799"]
[PlyCount "91"]
[EventDate "2016.11.19"]

1. e4 c5 2. b3 Nc6 3. Bb2 e5 4. f4 exf4 5. Qf3 Qh4+ 6. g3 fxg3 7. hxg3 Qe7 8.
Ne2 d6 9. Bg2 Ne5 10. Bxe5 Qxe5 11. Nbc3 Nf6 12. O-O Bg4 13. Qd3 O-O-O 14. Rae1
h5 15. Nd5 h4 16. Nxf6 gxf6 17. Rf4 Qg5 18. gxh4 Qxh4 19. Qg3 Qxg3 20. Nxg3 Bh3
21. Rxf6 Be6 22. Nf5 Rg8 23. Kf2 Bg7 24. Nxg7 Rxg7 25. Bf3 Rdg8 26. Rh1 Rg5 27.
c3 Kd7 28. Rfh6 b6 29. Rh8 Ke7 30. d4 Bg4 31. Rxg8 Rxg8 32. Rg1 Bxf3 33. Rxg8
Bxe4 34. Ke3 Bc6 35. Rc8 Kd7 36. Rh8 Ke7 37. Kf4 a5 38. Rb8 b5 39. d5 Bxd5 40.
Rxb5 a4 41. bxa4 Bxa2 42. a5 Bc4 43. Rb6 Kd7 44. a6 Kc7 45. a7 Bd5 46. Rb8 1-0

[Event "26th WSCC 2016 Open 50+"]
[Site "Marianske Lazne, Czech Republic - Hotel Cristal and Continental"]
[Date "2016.11.28"]
[Round "9.48"]
[White "Urban, Zdenek"]
[Black "Hoffmann, Michael"]
[Result "1-0"]
[WhiteElo "2205"]
[BlackElo "1920"]
[PlyCount "33"]
[EventDate "2016.11.19"]

1. d4 d5 2. c4 e6 3. Nf3 c6 4. g3 Nf6 5. Bg2 Be7 6. Nc3 O-O 7. O-O b6 8. Ne5
Bb7 9. e4 Nbd7 10. Nxc6 Bxc6 11. exd5 exd5 12. cxd5 Bb7 13. d6 Bxg2 14. dxe7
Qxe7 15. Kxg2 Rad8 16. Re1 Qd6 17. Be3 1-0

[Event "26th WSCC 2016 Open 50+"]
[Site "Marianske Lazne, Czech Republic - Hotel Cristal and Continental"]
[Date "2016.11.28"]
[Round "9.49"]
[White "Madeira, Wagner Martins"]
[Black "Kainz, Josef"]
[Result "1-0"]
[WhiteElo "2172"]
[BlackElo "1907"]
[PlyCount "47"]
[EventDate "2016.11.19"]

1. e4 c5 2. c3 Nf6 3. e5 Nd5 4. d4 cxd4 5. Nf3 Nc6 6. Bc4 Nb6 7. Bb3 g6 8. Ng5
d5 9. exd6 e6 10. Ne4 Bxd6 11. Nxd6+ Qxd6 12. O-O O-O 13. Bh6 Rd8 14. Qf3 Nd7
15. Nd2 Qe7 16. Ne4 Nce5 17. Qf4 f6 18. cxd4 Nf7 19. h4 b6 20. Rfe1 Bb7 21. Nd6
Nf8 22. Bxf8 Rxf8 23. Rxe6 g5 24. Rxe7 1-0

[Event "26th WSCC 2016 Open 50+"]
[Site "Marianske Lazne, Czech Republic - Hotel Cristal and Continental"]
[Date "2016.11.28"]
[Round "9.50"]
[White "Prueske, Wolfgang"]
[Black "Canonne, Antoine"]
[Result "1/2-1/2"]
[WhiteElo "2093"]
[BlackElo "1887"]
[PlyCount "62"]
[EventDate "2016.11.19"]

1. e4 e5 2. Nf3 Nc6 3. Bc4 Be7 4. O-O Nf6 5. d3 O-O 6. c3 d5 7. exd5 Nxd5 8. h3
Be6 9. Re1 Bf6 10. Bb5 Nde7 11. Bg5 a6 12. Ba4 b5 13. Bc2 Ng6 14. Be3 Be7 15.
d4 exd4 16. Nxd4 Nxd4 17. Bxd4 c5 18. Be3 Qxd1 19. Rxd1 Rfd8 20. Nd2 Bd5 21.
Ne4 c4 22. f4 Bc6 23. g3 Rxd1+ 24. Rxd1 Rd8 25. Bd4 Nf8 26. f5 Nd7 27. Kf2 f6
28. Ke3 Kf7 29. Rd2 Re8 30. Kf4 Rd8 31. Ke3 Re8 1/2-1/2

[Event "26th WSCC 2016 Open 50+"]
[Site "Marianske Lazne, Czech Republic - Hotel Cristal and Continental"]
[Date "2016.11.28"]
[Round "9.51"]
[White "Koblasa, Josef"]
[Black "Hewson, Brian Wr"]
[Result "0-1"]
[WhiteElo "1896"]
[BlackElo "2083"]
[PlyCount "132"]
[EventDate "2016.11.19"]

1. c4 e5 2. Nc3 Nf6 3. g3 Bc5 4. Bg2 O-O 5. e3 Nc6 6. Nge2 Re8 7. d3 d6 8. O-O
Bf5 9. Na4 Rb8 10. Nec3 Qd7 11. Nd5 Nxd5 12. cxd5 Ne7 13. Nxc5 dxc5 14. e4 Bh3
15. Qh5 Bxg2 16. Kxg2 c6 17. Be3 b6 18. f4 cxd5 19. fxe5 Nc6 20. Bf4 Rb7 21.
Rae1 dxe4 22. dxe4 Qe6 23. Rd1 Nd4 24. Be3 Qxa2 25. Bxd4 cxd4 26. Rf2 g6 27.
Qg5 Qe6 28. Rxd4 Qxe5 29. Qd2 Rbe7 30. Rf4 Qc7 31. Qd3 Rc8 32. Rf2 Qe5 33. Re2
Qc7 34. Rf2 Kg7 35. Qf3 Qc6 36. Rd5 Rcc7 37. Qf4 Qe6 38. Rd4 Rcd7 39. Rfd2 Rxd4
40. Rxd4 Qc6 41. Kh3 Rd7 42. e5 Qe6+ 43. Kg2 Re7 44. Re4 Rc7 45. Re2 Rc5 46. h4
h5 47. Kh2 a5 48. Qd4 Rc4 49. Qf2 Rc1 50. Re1 Rc5 51. Re2 Rd5 52. Qf4 b5 53.
Qe4 Rc5 54. Qd4 Rc4 55. Qa7 a4 56. Qe3 Rc6 57. Rf2 Qb3 58. Qe4 Qc4 59. Qf3 Qe6
60. Re2 b4 61. Qe4 Rc4 62. Qf3 b3 63. Qd3 Rc5 64. Qe4 Qc6 65. Qd4 Rc4 66. Qa7
Rc2 0-1

[Event "26th WSCC 2016 Open 50+"]
[Site "Marianske Lazne, Czech Republic - Hotel Cristal and Continental"]
[Date "2016.11.28"]
[Round "9.52"]
[White "Wilkinson, Ian"]
[Black "Siebenburger, Vlastimil"]
[Result "1/2-1/2"]
[WhiteElo "1885"]
[BlackElo "2048"]
[PlyCount "84"]
[EventDate "2016.11.19"]

1. d4 d5 2. Bf4 Nf6 3. Nd2 Bf5 4. Ngf3 e6 5. h3 c5 6. e3 Nc6 7. a3 Qb6 8. dxc5
Bxc5 9. Nb3 Be7 10. Bd3 Bxd3 11. Qxd3 Nd7 12. Bh2 Bf6 13. Rb1 O-O 14. O-O Rfd8
15. Rfd1 Nde5 16. Nxe5 Nxe5 17. Bxe5 Bxe5 18. Nd4 Rac8 19. Kf1 Bxd4 20. exd4
Qc7 21. Rbc1 Qh2 22. Qf3 b5 23. Ke2 Rc4 24. c3 Rdc8 25. Qg4 Qc7 26. f4 Qd7 27.
Rd3 a5 28. Rg3 f5 29. Qh4 Rxd4 30. cxd4 Rxc1 31. Kd2 Rc4 32. Qf6 b4 33. Qe5 Rc7
34. axb4 axb4 35. Re3 Kf7 36. g4 Qc6 37. Ke2 fxg4 38. hxg4 Qc2+ 39. Kf3 Qd1+
40. Re2 Qh1+ 41. Kg3 Qg1+ 42. Kf3 Qh1+ 1/2-1/2

[Event "26th WSCC 2016 Open 50+"]
[Site "Marianske Lazne, Czech Republic - Hotel Cristal and Continental"]
[Date "2016.11.28"]
[Round "9.53"]
[White "Sladek, Jaroslav"]
[Black "Dobes, Ludek"]
[Result "0-1"]
[WhiteElo "1881"]
[BlackElo "2038"]
[PlyCount "114"]
[EventDate "2016.11.19"]

1. e4 c5 2. Nf3 d6 3. c3 Nf6 4. h3 Nc6 5. Bd3 g6 6. Bc2 Bg7 7. O-O O-O 8. Re1
e5 9. d3 Qc7 10. Be3 Re8 11. Na3 b6 12. Rc1 d5 13. Bg5 Be6 14. Nb5 Qb8 15. a4
a6 16. Na3 h6 17. Be3 Rd8 18. Qe2 Qb7 19. Rcd1 Rd7 20. Bc1 d4 21. c4 Nh5 22.
Kh2 Nf4 23. Qf1 f5 24. exf5 Bxf5 25. Nh4 Rf7 26. g4 Be6 27. Bxf4 Rxf4 28. Nxg6
Rf7 29. Qg2 Qd7 30. Re4 Kh7 31. Nh4 Raf8 32. Rd2 Qe7 33. Qg3 Bf6 34. Nf3 Bg5
35. Nxg5+ Qxg5 36. Rde2 Rf3 37. h4 Qf6 38. Qg2 Qxh4+ 39. Kg1 Qg5 40. Bd1 R3f6
41. Re1 Rxf2 42. Qxf2 Rxf2 43. Kxf2 Qd2+ 44. Be2 Bf7 45. Nb1 Qg5 46. Bf3 Nb4
47. Ke2 Bg6 48. Nd2 Kg7 49. Kd1 Bxe4 50. Bxe4 Qxg4+ 51. Nf3 Kf6 52. Rg1 Qf4 53.
Rg6+ Ke7 54. Ne1 Qh2 55. Rxb6 Qxb2 56. Rxh6 Na2 57. Nc2 Qc1+ 0-1

[Event "26th WSCC 2016 Open 50+"]
[Site "Marianske Lazne, Czech Republic - Hotel Cristal and Continental"]
[Date "2016.11.28"]
[Round "9.54"]
[White "Ptacnik, Stanislav"]
[Black "Vieira, Alexandre Letizio"]
[Result "1-0"]
[WhiteElo "2037"]
[BlackElo "1835"]
[PlyCount "57"]
[EventDate "2016.11.19"]

1. e4 Nf6 2. e5 Nd5 3. c4 Nb6 4. c5 Nd5 5. Bc4 e6 6. d4 b6 7. Bxd5 exd5 8. Nc3
bxc5 9. dxc5 c6 10. Be3 Na6 11. Qg4 Rb8 12. Nge2 Rxb2 13. O-O Rb4 14. Qg3 h5
15. Nd4 Nxc5 16. f4 Ne6 17. Qf2 Nxd4 18. Bxd4 Qa5 19. Ne2 Rc4 20. Rfd1 Bc5 21.
Rab1 Bxd4 22. Nxd4 Qc5 23. f5 O-O 24. f6 Ba6 25. Qe3 Re8 26. fxg7 Rxd4 27. Rxd4
Re6 28. Rb8+ Kxg7 29. Rg4+ 1-0

[Event "26th WSCC 2016 Open 50+"]
[Site "Marianske Lazne, Czech Republic - Hotel Cristal and Continental"]
[Date "2016.11.28"]
[Round "9.55"]
[White "Lavrincik, Pavel"]
[Black "Cafolla, Peter"]
[Result "1/2-1/2"]
[WhiteElo "1837"]
[BlackElo "1996"]
[PlyCount "45"]
[EventDate "2016.11.19"]

1. c4 e6 2. Nc3 d5 3. cxd5 exd5 4. d4 c5 5. e3 Nf6 6. Nf3 Nc6 7. Be2 Bd6 8. O-O
a6 9. dxc5 Bxc5 10. Nd4 O-O 11. Nxc6 bxc6 12. b3 Re8 13. Bb2 Ba7 14. Rc1 Qd6
15. Bf3 Bb8 16. g3 Ra7 17. Ne2 Rae7 18. Nd4 Bd7 19. Qc2 Rc8 20. Nf5 Bxf5 21.
Qxf5 Qe6 22. Qxe6 fxe6 23. Be2 1/2-1/2

[Event "26th WSCC 2016 Open 50+"]
[Site "Marianske Lazne, Czech Republic - Hotel Cristal and Continental"]
[Date "2016.11.28"]
[Round "9.56"]
[White "Polanyi, Peter"]
[Black "Becvar, Miroslav"]
[Result "0-1"]
[WhiteElo "1990"]
[BlackElo "1834"]
[PlyCount "92"]
[EventDate "2016.11.19"]

1. e4 e6 2. d4 d5 3. e5 c5 4. c3 Nc6 5. Nf3 cxd4 6. cxd4 Bb4+ 7. Nc3 Nge7 8.
Bd3 Ng6 9. O-O O-O 10. Bg5 f6 11. exf6 gxf6 12. Bh6 Rf7 13. h4 Bf8 14. Qd2 Bxh6
15. Qxh6 Qf8 16. Qd2 Nb4 17. Bb1 Bd7 18. a3 Na6 19. h5 Ne7 20. Nh4 Qg7 21. g3
Kh8 22. h6 Qg5 23. Qe2 Rg8 24. Nf3 Qxh6 25. Kg2 Ng6 26. Bxg6 Qxg6 27. Rh1 Nc7
28. Rae1 Re8 29. Qe3 Rg7 30. Rh6 Qf7 31. Reh1 Re7 32. Qf4 Ne8 33. Nh4 e5 34.
dxe5 fxe5 35. Ng6+ Rxg6 36. Qxf7 Rxf7 37. Rxg6 d4 38. Ne4 Bf5 39. Ng5 Bxg6 40.
Nxf7+ Bxf7 41. f3 Bb3 42. Kf2 Nd6 43. Ke2 Nc4 44. Rh5 Bc2 45. b3 d3+ 46. Kf2 d2
0-1

[Event "26th WSCC 2016 Open 50+"]
[Site "Marianske Lazne, Czech Republic - Hotel Cristal and Continental"]
[Date "2016.11.28"]
[Round "9.57"]
[White "Krutina, Miroslav"]
[Black "Molnar, Ladislav"]
[Result "1/2-1/2"]
[WhiteElo "1983"]
[BlackElo "1738"]
[PlyCount "50"]
[EventDate "2016.11.19"]

1. Nf3 Nf6 2. g3 d6 3. Bg2 e5 4. d3 g6 5. b4 Bg7 6. Bb2 O-O 7. c4 c6 8. O-O
Nbd7 9. Qc2 Re8 10. Nc3 Qc7 11. Rac1 c5 12. a3 Rb8 13. e3 a6 14. b5 a5 15. Ne2
b6 16. Nd2 Bb7 17. e4 Nf8 18. f4 Ng4 19. Rf3 f6 20. h3 Nh6 21. Rcf1 Ne6 22.
R3f2 Nd4 23. Qd1 f5 24. Nc3 Rf8 25. a4 Rbe8 1/2-1/2